1924 1529 1871 1660 1915 1508 1423 1171 1788 1268 1988 1113 1752 1374 1665 1871 1690 1271 1545 1815 1215 1642 1199 1613 1967 1986 1507 1532 1021 1888 1008 1273 1157 1259 1475 1160 1396 1328 1614 1583 1822 1536 1668 1588 1974 1374 1233 1681 1192 1092 1013 1357 1054 1006 1626 1250 1157 1778 1853 1514 1841 1809 1535 1464 1429 1394 1809 1854 1436 1532 1449 1511 1568 1432 1654 1247 1833 1568 1546 1094 1589 1419 1239 1261 1132 1739 1576 1187 1539 1564 1565 1687 1869 1765 1287 1390 1347 1273 1082 BCNSPRNW ULIB Ver.6.0+V

เปลี่ยนเป็นภาษาไทย

Change to English
 แสดงรายละเอียดบรรณานุกรม
  กลับหน้าหลัก

Brief Record : Get Marc (ISO 2709) : E-mail record : QR code < ปิดหน้าต่าง
LEADER : 00000nam 2200000uu 4500
001    13399111615
003     ULIB
008    110627s2545||||th 000 0 tha d
060  4 WY18.5^bส126ค 2545
100 0  สกุนตลา แซ่เตียว
245 00 ความสามารถในการปฏิบัติงานของผู้สำเร็จการศึกษา หลักสูตรพยาบาลศาสตรบัณฑิต รุ่นที่ 31วิทยาลัยพยาบาลบรมราชชนนี สงขลา/^cสกุนตลา แซ่เตียว
260    สงขลา :^bวิทยาลัยพยาบาลบรมราชชนนี สงขลา,^c2545
300    54 หน้า
650  7 ความสามารถในการปฏิบัติงาน
650  7 หลักสูตรพยาบาลศาสตรบัณฑิต
945    ^p0^l0^i018378
995    ทศพร
999 ^a ใช้งานได้ทุกระบบ
รายการนี้ยังไม่มีแท็ก
คุณยังไม่ได้ล็อกอิน คุณสามารถมีกิจกรรมร่วมกับเว็บไซต์ได้ แต่ต้องล็อกอินก่อน ::
  ล็อกอิน

รายการสื่อสารสนเทศ

ลำดับที่ ประเภท เลขเรียก/บาร์โค้ด สถานที่ สถานะ
- ไม่พบข้อมูล -

รายการใกล้เคียง
    หัวเรื่อง [หลักสูตรพยาบาลศาสตรบัณฑิต]

BibComment


ยังไม่เคยถูกคอมเมนท์

คอมเมนท์ทรัพยากรรายการนี้
  คอมเมนท์: ความสามารถในการปฏ..


 Copyright 2026. Bcnsprnw @Library